MARC details
| 000 -LEADER |
| fixed length control field |
00940cam a2200265 a 4500 |
| 001 - CONTROL NUMBER |
| control field |
671840 |
| 005 - DATE AND TIME OF LATEST TRANSACTION |
| control field |
20240206021739.0 |
| 008 - FIXED-LENGTH DATA ELEMENTS--GENERAL INFORMATION |
| fixed length control field |
950908s1995 enk b 001 0 eng |
| 020 ## - INTERNATIONAL STANDARD BOOK NUMBER |
| ISBN |
1856493350 (hb.) |
| 020 ## - INTERNATIONAL STANDARD BOOK NUMBER |
| ISBN |
1856493369 (pb.) |
| 040 ## - CATALOGING SOURCE (பட்டியலாக்க மூலம்) |
| Original cataloging agency |
DLC |
| Transcribing agency |
DLC |
| Modifying agency |
DLC |
| 082 00 - DDC Classification |
| Class No. |
306.4 |
| DDC Edition Number |
20 |
| Item Number - Author Mark |
BIO |
| 245 00 - TITLE STATEMENT |
| Title |
Biopolitics : |
| Remainder of title |
a feminist and ecological reader on biotechnology / |
| Statement of responsibility, etc. |
edited by Vandana Shiva & Ingunn Moser. |
| 260 ## - PUBLICATION, DISTRIBUTION, ETC. |
| Place of publication, distribution, etc. |
London ; |
| -- |
Atlantic Highlands, N.J. : |
| Name of publisher, distributor, etc. |
Zed Books ; |
| Place of publication, distribution, etc. |
Penang, Malaysia : |
| Name of publisher, distributor, etc. |
Third World Network, |
| Date of publication, distribution, etc. |
1995. |
| 300 ## - PHYSICAL DESCRIPTION |
| Extent (e.g. Volumes, Pages etc.) |
x, 294 p. ; |
| 650 #0 - SUBJECT ADDED ENTRY--TOPICAL TERM |
| Topical term or geographic name entry element |
Biotechnology |
| 650 #0 - SUBJECT ADDED ENTRY--TOPICAL TERM |
| Topical term or geographic name entry element |
Biotechnology |
| 650 #0 - SUBJECT ADDED ENTRY--TOPICAL TERM |
| Topical term or geographic name entry element |
Feminist theory. |
| 700 1# - ADDED ENTRY--PERSONAL NAME |
| Personal name |
Shiva, Vandana. |
| Relator term (Role) |
Editor |
| 700 1# - ADDED ENTRY--PERSONAL NAME |
| Personal name |
Moser, Ingunn, |
| Relator term (Role) |
Editor |
| 856 42 - ELECTRONIC LOCATION AND ACCESS |
| Uniform Resource Identifier |
<a href="http://www.loc.gov/catdir/bios/hol059/95025468.html">http://www.loc.gov/catdir/bios/hol059/95025468.html</a> |
| 856 42 - ELECTRONIC LOCATION AND ACCESS |
| Uniform Resource Identifier |
<a href="http://www.loc.gov/catdir/description/hol055/95025468.html">http://www.loc.gov/catdir/description/hol055/95025468.html</a> |
| 856 41 - ELECTRONIC LOCATION AND ACCESS |
| Uniform Resource Identifier |
<a href="http://www.loc.gov/catdir/toc/hol052/95025468.html">http://www.loc.gov/catdir/toc/hol052/95025468.html</a> |
| 942 ## - Koha item type (Biblio) |
| Koha item type |
Books in Stacks (Lending) |